000 00302nam a22001337a 4500
008 170414b xxu||||| |||| 00| 0 eng d
020 _a9780534622268
041 _aeng
080 _210TH
_a612.39
100 _a10
101 _aSHM
245 _aUNDERSTANDING NUTRITION
_cWHITNEY, E
942 _2udc
_cBK
999 _c10761
_d10761